Statystyki dla Gry Angry Birds

Kliknij tutaj aby rozwiązać quiz!

Ogólne statystyki

  • Ten quiz został rozwiązany 140 razy
  • Średni wynik to 14 z 30

Statystyki odpowiedzi

PodpowiedziNazwy gier% Poprawnych
Pierwsza gra.Angry Birds
100%
Kontynuacja pierwszej gry.Angry Birds 2
94%
Kenobi: Hello There!
Grievous: General Kenobi.
Angry Birds Star Wars
87%
Auta zamieniające się w roboty.Angry Birds Transformers
83%
Ta gra była EPICKA.Angry Birds Epic
82%
Lubisz się ścigać?Angry Birds Go!
80%
Kosmos jest fajny.Angry Birds Space
70%
Złe świnki.Bad Piggies
61%
Kosmos w HD!?Angry Birds Space HD
60%
To ten lubisz sezony?Angry Birds Seasons
58%
To co lubisz ewoluować?Angry Birds Evolution
53%
Złe świnki ale HD.Bad Piggies HD
53%
Podłączaj facebooka i graj ze znajomymi!Angry Birds Friends
48%
You are going to Brazil.Angry Birds Rio
48%
Stella chodź!Angry Birds Stella
48%
Legendy przybywają.Angry Birds Legends
45%
Druga część tego powyżej.Angry Birds Star Wars II
43%
Czas na akcję.Angry Birds Action
42%
Dawaj zawalczymy!Angry Birds Fight
41%
Dawaj gramy w piłkę nożną!Angry Birds Football
34%
No to czas na zobaczenie tej wyspy.Angry Birds Island
26%
No dobra zniszczmy te kulki.Angry Birds Blast
22%
Ktoś: Wciąż lubisz gry typu Ace Fighter?Angry Birds Ace Fighter
18%
Czas na przygodę!Angry Birds Journey
14%
*Rzut kostką*Angry Birds Dice
12%
Dobra połącz te trzy.Angry Birds Match 3
12%
To co rozwalamy śpiące kulki?Angry Birds Dream Blast
11%
To co zagramy kolejną grę typu Pop Bubble Shooter.Angry Birds Pop Bubble Shooter
10%
To co zabijamy świnie na AR?Angry Birds AR: Isle Of Pigs
5%
To co zabijamy świnie na VR?Angry Birds VR: Isle Of Pigs
3%

Rozkład punktacji

Percentyl według liczby udzielonych odpowiedzi

Procent ludzi z każdym wynikiem

Twoja historia wyników

Nie rozwiązałeś tego quizu